| 000 | 00432nam a2200133Ia 4500 | ||
|---|---|---|---|
| 008 | 170516s9999 xx 000 0 und d | ||
| 245 | _aProgress in Aptamer-Mediated Drug Delivery Vehicles for Cancer Targeting and Its Implications in Addressing Chemotherapeutic Challenges | ||
| 260 | _bTheranostics | ||
| 260 | _c2014 | ||
| 300 | _a4:9 | ||
| 650 | _xMedical Technology | ||
| 650 | _xMedtech | ||
| 856 | _uhttp://www.thno.org/v4i9 | ||
| 999 |
_c330663 _d330663 |
||